[Event "Berlin Unicorn op"]
[Site "Berlin"]
[Date "2007.05.18"]
[Round "4"]
[White "Gebigke, Martin"]
[Black "Baumeister, Wolfgang"]
[Result "1-0"]
[WhiteElo "2181"]
[BlackElo "1757"]
[PlyCount "55"]
[EventDate "2007.05.16"]
[EventType "swiss"]
[EventRounds "7"]
[EventCountry "GER"]
[SourceTitle "CBM 118 Extra"]
[Source "ChessBase"]
[SourceDate "2007.07.04"]
[SourceVersion "1"]
[SourceVersionDate "2007.07.04"]
[SourceQuality "1"]

1. d4 d5 2. c4 e6 3. Nc3 Nf6 4. Bg5 Nbd7 5. e3 c6 6. Nf3 Qa5 7. Nd2 Bb4 8. Qc2 0-0 9. Be2 c5 10. 0-0 cxd4 11. Nb3 Qb6 12. Bxf6 Nxf6 13. c5 Qd8 14. exd4 b6 15. a3 Bxc3 16. bxc3 Bb7 17. a4 a5 18. Rfb1 Ba6 19. Bb5 Bxb5 20. axb5 a4 21. Nd2 bxc5 22. dxc5 Nd7 23. c6 Nb6 24. c4 dxc4 25. Nxc4 Nxc4 26. Qxc4 Qd5 27. Qxd5 exd5 28. b6 1-0

[Event "Berlin Lichtenberger op 6th"]
[Site "Berlin"]
[Date "2007.??.??"]
[Round "?"]
[White "Baumeister, Wolfgang"]
[Black "Groeling, Juergen"]
[Result "1-0"]
[WhiteElo "1754"]
[BlackElo "1944"]
[PlyCount "37"]
[EventDate "2007.08.18"]
[EventType "swiss"]
[EventRounds "9"]
[EventCountry "GER"]
[SourceTitle "CBM 120 Extra"]
[Source "ChessBase"]
[SourceDate "2007.11.01"]
[SourceVersion "1"]
[SourceVersionDate "2007.11.01"]
[SourceQuality "1"]

1. e4 c5 2. Na3 Nc6 3. Bb5 g6 4. f4 Bg7 5. c3 Nf6 6. d3 d5 7. e5 Nd7 8. Nf3 a6 9. Bxc6 bxc6 10. 0-0 e6 11. Be3 Bf8 12. Qe2 a5 13. Nc2 a4 14. g4 h5 15. Qg2 Ba6 16. Nce1 Qc7 17. Ng5 Be7 18. gxh5 Rxh5 19. Nxe6 1-0

[Event "Berlin Lichtenberger op 6th"]
[Site "Berlin"]
[Date "2007.??.??"]
[Round "?"]
[White "Baumeister, Wolfgang"]
[Black "Stang, Wolfgang"]
[Result "1-0"]
[WhiteElo "1754"]
[BlackElo "1861"]
[PlyCount "91"]
[EventDate "2007.08.18"]
[EventType "swiss"]
[EventRounds "9"]
[EventCountry "GER"]
[SourceTitle "CBM 120 Extra"]
[Source "ChessBase"]
[SourceDate "2007.11.01"]
[SourceVersion "1"]
[SourceVersionDate "2007.11.01"]
[SourceQuality "1"]

1. e4 e5 2. Nf3 d6 3. d4 Nf6 4. Nc3 Nbd7 5. Bc4 Be7 6. 0-0 0-0 7. Qe2 h6 8. Rd1 exd4 9. Nxd4 Ne5 10. a4 c6 11. a5 Nh7 12. Bb3 Bh4 13. Bf4 Qf6 14. Bg3 Bxg3 15. hxg3 Ng4 16. Qf3 Qg5 17. Nf5 Qh5 18. Nxd6 Ng5 19. Qf4 Be6 20. Nxb7 Rab8 21. a6 Qh2+ 22. Kf1 Qh1+ 23. Ke2 Qxg2 24. Rg1 Qh3 25. Rh1 Nh2 26. Rxh2 Qxh2 27. Qh4 Qg2 28. Qf4 Nh3 29. Qe3 Bg4+ 30. Kd3 Nxf2+ 31. Kd4 Qh2 32. Rf1 Nh1 33. Rxf7 Rxf7 34. Bxf7+ Kf8 35. Qf4 Qf2+ 36. Qxf2 Nxf2 37. Bg6 Bc8 38. Kc5 Bxb7 39. axb7 Rxb7 40. b3 Nh1 41. g4 Ng3 42. Kd6 Re7 43. e5 Nf1 44. Na4 Ne3 45. e6 Nxg4 46. Nc5 1-0